000
00281nam a2200109Ia 4500
008
200302s9999 xx 000 0 und d
100
_a
Clare Melhuish
245
_a
Luis Vidal+Architects From Process to Results
260
_b
Laurence King Publishing
260
_c
2013
300
_a
224
999
_c
3390
_d
3390